Вурӈа имэн ар (Запись № 13204852)

Подробности
000 -МАРКЕР
контрольное поле 02788nam0a2200433 4500
001 - ИДЕНТИФИКАТОР ЗАПИСИ
контрольное поле RU\NLR\BIBL_A\021946916
005 - ИДЕНТИФИКАТОР ВЕРСИИ
контрольное поле 20240530140625.0
010 ## - МЕЖДУНАРОДНЫЙ СТАНДАРТНЫЙ НОМЕР КНИГИ (ISBN)
Номер (ISBN) 978-5-6048151-3-7
Тираж 150
021 ## - НОМЕР ГОСУДАРСТВЕННОЙ РЕГИСТРАЦИИ
Код страны Российская Федерация
Номер КН-П-23-029095
Номер Листа государственной регистраци КН-П-23-2881
035 ## - ДРУГИЕ СИСТЕМНЫЕ НОМЕРА
Идентификатор записи (NLR Aleph) 021946916
035 ## - ДРУГИЕ СИСТЕМНЫЕ НОМЕРА
Идентификатор записи (RuMoRGB)011769163
100 ## - ДАННЫЕ ОБЩЕЙ ОБРАБОТКИ
Данные общей обработки 20230525d2022 u y0rusy50 ca
101 0# - ЯЗЫК РЕСУРСА
Язык текста, звукозаписи и т.д. хантыйский
-- русский
-- английский
102 ## - СТРАНА ПУБЛИКАЦИИ ИЛИ ПРОИЗВОДСТВА
Страна публикации Российская Федерация
105 ## - ПОЛЕ КОДИРОВАННЫХ ДАННЫХ: ТЕКСТОВЫЕ МАТЕРИАЛЫ, МОНОГРАФИЧЕСКИЕ
Кодированные данные о монографическом текстовом документе a 000|y
181 #0 - ПОЛЕ КОДИРОВАННЫХ ДАННЫХ: ВИД СОДЕРЖАНИЯ
Код вида содержания (ISBD) i
Код характеристики содержания (ISBD) axxe
182 #0 - ПОЛЕ КОДИРОВАННЫХ ДАННЫХ: ТИП СРЕДСТВА
Код типа средства (ISBD) n - непосредственное
200 1# - ЗАГЛАВИЕ И СВЕДЕНИЯ ОБ ОТВЕТСТВЕННОСТИ
Основное заглавие Вурӈа имэн ар
Параллельное заглавие Песня матери Вороны
-- The Song of а Crow Mother
Сведения, относящиеся к заглавию хантыйская песня (казымский диалект)
-- [для детей среднего и старшего школьного возраста]
Первые сведения об ответственности Департамент образования и науки Ханты-Мансийского автономного округа - Югры, Обско-угорский институт прикладных исследований и разработок
Последующие сведения об ответственности составление, перевод на рус. яз. P. М. Потпот
-- перевод на английский язык O. Ю. Динисламовой
-- [художник И. Потпот]
Язык параллельного заглавия русский
-- английский
203 ## - ВИД СОДЕРЖАНИЯ И ТИП СРЕДСТВА
Вид содержания Текст
Дополнительные сведения об издании визуальный
Тип средства непосредственный
210 ## - ПУБЛИКАЦИЯ, РАСПРОСТРАНЕНИЕ И ДР.
Место издания, распространения и т.д. Ханты-Мансийск
Имя издателя, распространителя и т. д. Печатный мир
Дата издания, распространения и т.д. 2022
215 ## - ФИЗИЧЕСКАЯ ХАРАКТЕРИСТИКА
Специфическое обозначение материала и объем 7 с.
Другие сведения о физической характеристике цв. ил.
Размеры 30
300 ## - ОБЩИЕ ПРИМЕЧАНИЯ
Текст примечания Текст парал., хант. (казым. диалект), рус., англ.
330 ## - РЕЗЮМЕ ИЛИ РЕФЕРАТ
Текст примечания В книжке представлена песня Вороны, которая радуется рождению детей и оповещает людей о наступлении весны. Ворона - первая птица, прилетающая весной в наши северные края. Песня публикуется на казымском диалекте хантыйского языка с переводом на русский и английский языки
510 1# - ПАРАЛЛЕЛЬНОЕ ЗАГЛАВИЕ
Параллельное заглавие Песня матери Вороны
Язык заглавия русский
510 1# - ПАРАЛЛЕЛЬНОЕ ЗАГЛАВИЕ
Параллельное заглавие Song of а Crow Mother
Язык заглавия хантыйский
686 1# - ИНДЕКСЫ ДРУГИХ КЛАССИФИКАЦИЙ
Индекс Ш9(2)3=Хан-2
702 #1 - ИМЯ ЛИЦА - ВТОРИЧНАЯ ОТВЕТСТВЕННОСТЬ
Начальный элемент ввода Потпот
Часть имени, кроме начального элемента ввода Р. М.
Расширение инициалов личного имени Римма Михайловна
Код отношения Составитель
702 #1 - ИМЯ ЛИЦА - ВТОРИЧНАЯ ОТВЕТСТВЕННОСТЬ
Начальный элемент ввода Потпот
Часть имени, кроме начального элемента ввода И.
Расширение инициалов личного имени Игорь
Код отношения Иллюстратор
712 02 - НАИМЕНОВАНИЕ ОРГАНИЗАЦИИ - ВТОРИЧНАЯ ОТВЕТСТВЕННОСТЬ
Начальный элемент ввода Обско-угорский институт прикладных исследований и разработок
Идентифицирующий признак Ханты-Мансийск
Идентификатор авторитетной/нормативной записи RU\NLR\AUTH\8810098523
Код отношения Прочие
852 ## - МЕСТОНАХОЖДЕНИЕ И ШИФР ХРАНЕНИЯ
Идентификатор организации NLR
Наименование фонда или коллекции (Sub-Location Identifier) ОНЛ
Шифр хранения (Call Number) Хант./5-44
942 ## - ДОПОЛНИТЕЛЬНЫЕ ЭЛЕМЕНТЫ ЗАПИСИ (АБИС)
Тип экземпляра АБИС Книга
980 ## - КОЛЛЕКЦИЯ
Название коллекции Национальная библиография
Экземпляры
Тип экземпляра Дата поступления Источник поступления Библиотека постоянного хранения Библиотека текущего хранения Место хранения Шифр хранения Штрих-код Статус экземпляра
Книга 25.05.2023 Обязательный экземпляр РНБ (Московский) РНБ (Московский) Фонд национальных литератур ОНЛ Хант./5-44 1-4218267 Доставлен в Фoнд
Книга 25.05.2023 Обязательный экземпляр РНБ (Садовая) РНБ (Садовая) Отдел межбиблиотечного взаимодействия   1-4218268